[Event "HUN-chT2 Maroczy 1819"]
[Site "Hungary"]
[Date "2018.12.02"]
[Round "5.5"]
[White "Hegyesi, Zoltan"]
[Black "Varadi, Viktor"]
[Result "0-1"]
[WhiteElo "2172"]
[BlackElo "2352"]
[PlyCount "82"]
[EventDate "2018.09.23"]
[EventType "team-tourn"]
[EventRounds "11"]
[EventCountry "HUN"]
[SourceTitle "EXT 2020"]
[Source "ChessBase"]
[SourceDate "2019.10.17"]
[SourceVersion "1"]
[SourceVersionDate "2019.10.17"]
[SourceQuality "1"]
[WhiteTeam "Kisujszallas"]
[BlackTeam "Debrecen Kwizda"]
[WhiteTeamCountry "HUN"]
[BlackTeamCountry "HUN"]

1. d4 f5 2. c4 Nf6 3. Nc3 g6 4. g3 Bg7 5. Bg2 0-0 6. Nf3 d6 7. 0-0 c6 8. d5 Bd7 9. Nd4 Qc7 10. h3 a5 11. Be3 Na6 12. Rc1 Nc5 13. b3 Rae8 14. a3 Nfe4 15. Nxe4 Nxe4 16. Qc2 e5 17. dxe6 Bxe6 18. Bxe4 fxe4 19. Nxe6 Rxe6 20. Rcd1 Rf5 21. Bd4 Bxd4 22. Rxd4 Qe7 23. Kg2 c5 24. Rd5 Rxd5 25. cxd5 Re5 26. Qc4 Qf7 27. Rd1 Rf5 28. Qxe4 Rxf2+ 29. Kg1 Kg7 30. a4 Rf5 31. Qd3 h5 32. Kg2 h4 33. Qc3+ Kg8 34. Qe3 Re5 35. Qd3 hxg3 36. Rf1 Qxd5+ 37. Qxd5+ Rxd5 38. Rf3 Re5 39. Rf6 Rxe2+ 40. Kxg3 Kg7 41. Rxd6 Re3+ 0-1

[Event "HUN-chT2 Maroczy 1314"]
[Site "Hungary"]
[Date "2014.03.23"]
[Round "9"]
[White "Rakaczki, Csaba"]
[Black "Hegyesi, Zoltan"]
[Result "1/2-1/2"]
[WhiteElo "2144"]
[BlackElo "2202"]
[PlyCount "42"]
[EventDate "2013.09.08"]
[EventType "team-tourn"]
[EventRounds "11"]
[EventCountry "HUN"]
[SourceTitle "EXT 2016"]
[Source "ChessBase"]
[SourceDate "2015.10.08"]
[SourceVersion "1"]
[SourceVersionDate "2015.10.08"]
[SourceQuality "1"]
[WhiteTeam "Debrecen SBK"]
[BlackTeam "Kisujszallas"]
[WhiteTeamCountry "HUN"]
[BlackTeamCountry "HUN"]

1. e4 c6 2. d4 d5 3. f3 Qb6 4. Nc3 e6 5. a3 Nf6 6. Rb1 Be7 7. Be3 0-0 8. Qd2 Rd8 9. e5 Nfd7 10. f4 c5 11. Nf3 Qa5 12. Bb5 Qc7 13. 0-0 Nc6 14. Qf2 cxd4 15. Nxd4 Nxd4 16. Bxd4 Bc5 17. Bxd7 Bxd4 18. Qxd4 Bxd7 19. Rf2 Qb6 20. Qxb6 axb6 21. Ne2 Ra4 1/2-1/2

[Event "Budapest-chT1 Lilienthal 1314"]
[Site "Budapest"]
[Date "2014.02.23"]
[Round "8"]
[White "Hegyesi, Zoltan"]
[Black "Valis, Janos"]
[Result "1-0"]
[WhiteElo "2202"]
[BlackElo "2075"]
[PlyCount "83"]
[EventDate "2013.09.29"]
[EventType "team-tourn"]
[EventRounds "11"]
[EventCountry "HUN"]
[SourceTitle "EXT 2021"]
[Source "ChessBase"]
[SourceDate "2020.10.23"]
[SourceVersion "1"]
[SourceVersionDate "2020.10.23"]
[SourceQuality "1"]
[WhiteTeam "Rakosliget"]
[BlackTeam "Budapest HUSI II"]
[WhiteTeamCountry "HUN"]
[BlackTeamCountry "HUN"]

1. d4 Nf6 2. c4 g6 3. Nc3 Bg7 4. e4 d6 5. Bd3 Nc6 6. Nge2 0-0 7. 0-0 e5 8. d5 Nd4 9. Bg5 h6 10. Bxf6 Bxf6 11. Nxd4 exd4 12. Ne2 c5 13. dxc6 bxc6 14. b4 Qb6 15. Qd2 Kg7 16. Rfc1 Bg4 17. Ng3 Rfb8 18. Rab1 Qc7 19. h3 Be6 20. f4 c5 21. a3 Bd8 22. Qf2 Bh4 23. Nh5+ gxh5 24. Qxh4 f6 25. Qxh5 Bf7 26. Qg4+ Kh8 27. Qh4 Kg7 28. Qg4+ Kf8 29. Qf5 Qe7 30. Re1 Be6 31. Qh5 Qg7 32. e5 cxb4 33. axb4 Bf7 34. Qf5 dxe5 35. fxe5 fxe5 36. Rxe5 Re8 37. Rbe1 Rxe5 38. Rxe5 Re8 39. Rxe8+ Kxe8 40. Qe4+ Kf8 41. Qf4 a6 42. c5 1-0

[Event "Berekfurdo tt"]
[Site "Berekfurdo"]
[Date "2013.10.04"]
[Round "2.1"]
[White "Hegyesi, Zoltan"]
[Black "Drozniak, Stanislaw"]
[Result "1-0"]
[WhiteElo "2196"]
[BlackElo "1475"]
[PlyCount "83"]
[EventDate "2013.10.03"]
[EventType "team-tourn"]
[EventRounds "7"]
[EventCountry "HUN"]
[SourceTitle "CBM 156 Extra"]
[Source "ChessBase"]
[SourceDate "2013.10.22"]
[SourceVersion "1"]
[SourceVersionDate "2013.10.22"]
[SourceQuality "1"]
[WhiteTeam "Kisujszallas"]
[BlackTeam "Jastrzebie Zdroj"]
[WhiteTeamCountry "HUN"]
[BlackTeamCountry "POL"]

1. d4 Nf6 2. c4 g6 3. Nc3 Bg7 4. e4 d6 5. Bd3 0-0 6. Nge2 c5 7. d5 e6 8. 0-0 exd5 9. exd5 Na6 10. Ng3 Re8 11. Bg5 h6 12. Bd2 Nc7 13. a4 a6 14. a5 Rb8 15. h3 b5 16. axb6 Rxb6 17. Qc1 Kh7 18. f4 Nd7 19. Qc2 Bd4+ 20. Kh2 Nf6 21. Nge2 Ng4+ 22. Kg3 Ne3 23. Bxe3 Rxe3+ 24. Rf3 Qe7 25. Raf1 Kg7 26. Nxd4 cxd4 27. Nd1 Rxf3+ 28. Rxf3 a5 29. Qf2 Qf6 30. Qd2 Rb4 31. Nf2 Ba6 32. Ne4 Qe7 33. Qf2 Nxd5 34. Qxd4+ Nf6 35. Nxd6 Qd7 36. Re3 Rb8 37. Kh2 Rd8 38. c5 Bxd3 39. Rxd3 Qe6 40. c6 Rxd6 41. Qxd6 Qxd6 42. Rxd6 1-0

[Event "Budapest-chT1 Lilienthal 1213"]
[Site "Budapest"]
[Date "2012.10.14"]
[Round "2"]
[White "Hegyesi, Zoltan"]
[Black "Juhasz, Mark"]
[Result "1-0"]
[WhiteElo "2180"]
[BlackElo "2155"]
[PlyCount "31"]
[EventDate "2012.09.30"]
[EventType "team-tourn"]
[EventRounds "11"]
[EventCountry "HUN"]
[SourceTitle "EXT 2019"]
[Source "ChessBase"]
[SourceDate "2018.10.10"]
[SourceVersion "1"]
[SourceVersionDate "2018.10.10"]
[SourceQuality "1"]
[WhiteTeam "Budapest RAC"]
[BlackTeam "Budapest Ujpest KSE"]
[WhiteTeamCountry "HUN"]
[BlackTeamCountry "HUN"]

1. d4 d5 2. c4 e6 3. Nc3 c5 4. e3 Nf6 5. Nf3 a6 6. cxd5 exd5 7. Be2 Bf5 8. 0-0 c4 9. Ne5 b5 10. Bf3 Ne4 11. Bxe4 Bxe4 12. Nxe4 dxe4 13. Qg4 Qd5 14. Qc8+ Ke7 15. b3 Nd7 16. Nc6+ 1-0

[Event "HUN-chT2 Maroczy 1112"]
[Site "Hungary"]
[Date "2012.03.25"]
[Round "8"]
[White "Peczely, Sebastian Zsombor"]
[Black "Hegyesi, Zoltan"]
[Result "1/2-1/2"]
[WhiteElo "2024"]
[BlackElo "2144"]
[PlyCount "47"]
[EventDate "2011.09.25"]
[EventType "team-tourn"]
[EventRounds "11"]
[EventCountry "HUN"]
[SourceTitle "EXT 2013"]
[Source "ChessBase"]
[SourceDate "2012.11.22"]
[SourceVersion "1"]
[SourceVersionDate "2012.11.22"]
[SourceQuality "1"]
[WhiteTeam "Roszke"]
[BlackTeam "Kisujszallas"]
[WhiteTeamCountry "HUN"]
[BlackTeamCountry "HUN"]

1. e4 c6 2. c4 e5 3. Nf3 d6 4. d4 Bg4 5. Be2 Nf6 6. Nc3 Nbd7 7. Be3 Be7 8. 0-0 0-0 9. d5 cxd5 10. exd5 Ne8 11. Nd2 Bxe2 12. Qxe2 f5 13. f3 Nef6 14. b4 Nh5 15. Nb3 b6 16. Rfd1 Rf6 17. Rd2 Rg6 18. Rc1 Bg5 19. Bxg5 Qxg5 20. Nb5 Nf4 21. Qf1 e4 22. Rc3 e3 23. Re2 Re8 24. N3d4 1/2-1/2

[Event "HUN-chT2 Maroczy 1112"]
[Site "Hungary"]
[Date "2011.11.12"]
[Round "4"]
[White "Kovacs, Laszlo"]
[Black "Hegyesi, Zoltan"]
[Result "1/2-1/2"]
[WhiteElo "2124"]
[BlackElo "2144"]
[PlyCount "87"]
[EventDate "2011.09.25"]
[EventType "team-tourn"]
[EventRounds "11"]
[EventCountry "HUN"]
[SourceTitle "EXT 2013"]
[Source "ChessBase"]
[SourceDate "2012.11.22"]
[SourceVersion "1"]
[SourceVersionDate "2012.11.22"]
[SourceQuality "1"]
[WhiteTeam "Hajduszoboszlo"]
[BlackTeam "Kisujszallas"]
[WhiteTeamCountry "HUN"]
[BlackTeamCountry "HUN"]

1. Nf3 Nf6 2. c4 b6 3. d4 e6 4. g3 Bb4+ 5. Bd2 Qe7 6. Bg2 Bb7 7. 0-0 Bxd2 8. Qxd2 d6 9. Nc3 Ne4 10. Nxe4 Bxe4 11. Qf4 f5 12. Ng5 Bxg2 13. Kxg2 0-0 14. Qh4 h6 15. Nf3 Rf6 16. Rae1 Qf7 17. Qf4 Nd7 18. Qd2 f4 19. Rc1 a5 20. Qd3 Re8 21. e4 Qh5 22. Rc3 Ref8 23. a3 g5 24. b4 g4 25. Nh4 axb4 26. axb4 R6f7 27. Rcc1 c5 28. bxc5 bxc5 29. e5 dxe5 30. Qg6+ Qxg6 31. Nxg6 exd4 32. Nxf8 f3+ 33. Kg1 Rxf8 34. Rfe1 Kf7 35. Re4 h5 36. Rf4+ Ke7 37. Rxf8 Nxf8 38. Ra1 Nd7 39. Ra7 Kd6 40. Kf1 Nf6 41. Ke1 Ke5 42. Rc7 Ne4 43. Rh7 d3 44. Rd7 1/2-1/2

[Event "HUN-chT2 Maroczy 1112"]
[Site "Hungary"]
[Date "2011.09.25"]
[Round "1"]
[White "Hegyesi, Zoltan"]
[Black "Linczer, Janos"]
[Result "1-0"]
[WhiteElo "2144"]
[BlackElo "2178"]
[PlyCount "173"]
[EventDate "2011.09.25"]
[EventType "team-tourn"]
[EventRounds "11"]
[EventCountry "HUN"]
[SourceTitle "EXT 2013"]
[Source "ChessBase"]
[SourceDate "2012.11.22"]
[SourceVersion "1"]
[SourceVersionDate "2012.11.22"]
[SourceQuality "1"]
[WhiteTeam "Kisujszallas"]
[BlackTeam "Maroczy"]
[WhiteTeamCountry "HUN"]
[BlackTeamCountry "HUN"]

1. d4 d5 2. c4 Nf6 3. Nc3 g6 4. Bf4 c6 5. e3 Bg7 6. Bd3 dxc4 7. Bxc4 0-0 8. Nf3 Nd5 9. Be5 Bg4 10. Bxg7 Kxg7 11. h3 Bxf3 12. Qxf3 e6 13. h4 Nd7 14. h5 N7f6 15. Qh3 Nxh5 16. g4 Nhf6 17. Qh6+ Kg8 18. Ne4 Re8 19. Ng5 Qa5+ 20. Kf1 Qb4 21. Bxd5 exd5 22. Nxh7 Nxh7 23. Qxh7+ Kf8 24. Qh4 Qd6 25. Qg5 Kg7 26. Qh6+ Kf6 27. Qh4+ Ke6 28. g5 Rh8 29. Qg4+ Ke7 30. Kg2 Qe6 31. Qf4 Qd6 32. Qf3 f6 33. Rh3 Rxh3 34. Qxh3 Qe6 35. gxf6+ Qxf6 36. Qh7+ Qf7 37. Qh2 Kd7 38. Rh1 Rg8 39. Qg3 Qe7 40. Rh4 a5 41. Kg1 Qf7 42. Qh2 a4 43. Rh7 Rg7 44. Rh8 Rg8 45. Rh7 Rg7 46. Rh8 Rg8 47. Rh4 b5 48. a3 Kc8 49. Qd6 Qd7 50. Qf6 Kb7 51. Kg2 Kb6 52. Qf3 Qe7 53. Qg3 Ka6 54. Kf1 Kb6 55. Qh2 Ka6 56. Rh7 Rg7 57. Rh8 Qa7 58. Qd6 Qb7 59. Rd8 Qc7 60. Qxc7 Rxc7 61. Rd6 b4 62. Rd8 bxa3 63. bxa3 Rb7 64. Ra8+ Kb5 65. Ke2 g5 66. Kd3 Rf7 67. Rb8+ Ka5 68. Ra8+ Kb5 69. Rb8+ Ka5 70. Ke2 Rf6 71. Kf1 Ka6 72. Kg2 Ka7 73. Rb4 Ka6 74. Rxa4+ Kb5 75. Rb4+ Ka5 76. Kg3 Rf7 77. f3 Re7 78. Rb3 Ka4 79. Rc3 Re6 80. Kg4 Rg6 81. Kf5 Rg8 82. Rxc6 Rf8+ 83. Kg4 Re8 84. Rc3 Rg8 85. e4 dxe4 86. fxe4 Rd8 87. d5 1-0

[Event "HUN-chT 1011"]
[Site "Hungary"]
[Date "2011.05.01"]
[Round "10"]
[White "Madl, Ildiko"]
[Black "Hegyesi, Zoltan"]
[Result "1-0"]
[WhiteElo "2397"]
[BlackElo "2141"]
[PlyCount "39"]
[EventDate "2010.10.10"]
[EventType "team-tourn"]
[EventRounds "11"]
[EventCountry "HUN"]
[SourceTitle "EXT 2012"]
[Source "ChessBase"]
[SourceDate "2011.11.24"]
[SourceVersion "1"]
[SourceVersionDate "2011.11.24"]
[SourceQuality "1"]
[WhiteTeam "Csuti"]
[BlackTeam "Taban Spartacus"]
[WhiteTeamCountry "HUN"]
[BlackTeamCountry "HUN"]

1. e4 c6 2. d4 d5 3. Nc3 dxe4 4. Nxe4 Nd7 5. Ng5 Ngf6 6. Bd3 e6 7. N1f3 Bd6 8. Qe2 h6 9. Ne4 Nxe4 10. Qxe4 Qc7 11. 0-0 b6 12. Qg4 Kf8 13. b3 c5 14. dxc5 Nxc5 15. Bb2 e5 16. Bf5 h5 17. Qh3 Ne6 18. Nh4 Qc6 19. Qe3 Nc5 20. b4 1-0

[Event "HUN-chT 1011"]
[Site "Hungary"]
[Date "2011.02.20"]
[Round "6"]
[White "Gara, Anita"]
[Black "Hegyesi, Zoltan"]
[Result "1-0"]
[WhiteElo "2382"]
[BlackElo "2141"]
[PlyCount "65"]
[EventDate "2010.10.10"]
[EventType "team-tourn"]
[EventRounds "11"]
[EventCountry "HUN"]
[SourceTitle "EXT 2012"]
[Source "ChessBase"]
[SourceDate "2011.11.24"]
[SourceVersion "1"]
[SourceVersionDate "2011.11.24"]
[SourceQuality "1"]
[WhiteTeam "Penzugyor"]
[BlackTeam "Taban Spartacus"]
[WhiteTeamCountry "HUN"]
[BlackTeamCountry "HUN"]

1. e4 c6 2. Ne2 d5 3. e5 c5 4. d4 Nc6 5. c3 cxd4 6. cxd4 Bf5 7. Nbc3 e6 8. Ng3 Bg6 9. h4 h6 10. h5 Bh7 11. Be3 Qb6 12. Qd2 a6 13. Rc1 Bb4 14. a3 Bxc3 15. Rxc3 Nge7 16. Be2 Rc8 17. 0-0 Rf8 18. b4 f6 19. exf6 Rxf6 20. Rfc1 Kd7 21. Rc5 Na7 22. Bf4 Rc6 23. Be5 Rf7 24. a4 Ke8 25. b5 axb5 26. axb5 Rxc5 27. dxc5 Qd8 28. Qd4 Kf8 29. Ra1 Nac8 30. Bg4 Nf5 31. Nxf5 Bxf5 32. Bxf5 exf5 33. Ra8 1-0

[Event "HUN-chT U18"]
[Site "Miskolc"]
[Date "2010.11.04"]
[Round "4.2"]
[White "Hegyesi, Zoltan"]
[Black "Antal, Tibor Kende"]
[Result "1/2-1/2"]
[WhiteElo "2141"]
[BlackElo "2257"]
[PlyCount "97"]
[EventDate "2010.11.02"]
[EventType "team-swiss"]
[EventRounds "8"]
[EventCountry "HUN"]
[SourceTitle "EXT 2016"]
[Source "ChessBase"]
[SourceDate "2015.10.08"]
[SourceVersion "1"]
[SourceVersionDate "2015.10.08"]
[SourceQuality "1"]

1. c4 e6 2. g3 d5 3. Bg2 Nf6 4. Nf3 Be7 5. 0-0 0-0 6. d3 b6 7. Nc3 Bb7 8. cxd5 Nxd5 9. Nxd5 Bxd5 10. Qc2 c5 11. Bd2 Nd7 12. Bc3 Qc7 13. e4 Bb7 14. d4 Rac8 15. Qe2 Nf6 16. Ne5 cxd4 17. Bxd4 Rfd8 18. Bc3 Bd6 19. f4 Bxe5 20. Bxe5 Qc2 21. Rf2 Qxe2 22. Rxe2 Nd7 23. Bc3 Nc5 24. f5 Na4 25. fxe6 fxe6 26. Bh3 Re8 27. Bb4 Rc4 28. Bd6 Rxe4 29. Rf2 Bd5 30. Raf1 h6 31. Rf7 Nxb2 32. Bf8 Bc4 33. Rxg7+ Kh8 34. Rxa7 Bxf1 35. Bg7+ Kg8 36. Bxf1 e5 37. Bh3 Re1+ 38. Kg2 Re2+ 39. Kg1 Rd2 40. Bf5 Rd1+ 41. Kg2 Rd2+ 42. Kh3 Rf2 43. Kg4 Nc4 44. Bxh6 Nd6 45. Rg7+ Kh8 46. Rh7+ Kg8 47. Rg7+ Kh8 48. Rh7+ Kg8 49. Rg7+ 1/2-1/2

[Event "HUN-chT 1011"]
[Site "Hungary"]
[Date "2010.10.10"]
[Round "1"]
[White "Hegyesi, Zoltan"]
[Black "Liptay, Laszlo"]
[Result "0-1"]
[WhiteElo "2141"]
[BlackElo "2346"]
[PlyCount "102"]
[EventDate "2010.10.10"]
[EventType "team-tourn"]
[EventRounds "11"]
[EventCountry "HUN"]
[SourceTitle "EXT 2012"]
[Source "ChessBase"]
[SourceDate "2011.11.24"]
[SourceVersion "1"]
[SourceVersionDate "2011.11.24"]
[SourceQuality "1"]
[WhiteTeam "Taban Spartacus"]
[BlackTeam "Honved"]
[WhiteTeamCountry "HUN"]
[BlackTeamCountry "HUN"]

1. d4 Nf6 2. c4 g6 3. Nc3 d5 4. Bf4 Bg7 5. e3 c5 6. dxc5 Qa5 7. Rc1 Ne4 8. cxd5 Nxc3 9. Qd2 Nd7 10. Ne2 Nxc5 11. Nxc3 0-0 12. f3 Bd7 13. Bc4 Rac8 14. a3 b5 15. b4 Qxa3 16. bxc5 Qxc5 17. d6 Qxc4 18. dxe7 Bxc3 19. exf8Q+ Kxf8 20. Rxc3 Qxc3 21. Qxc3 Rxc3 22. Kd2 Rc6 23. Rc1 Ra6 24. Kc3 Ke7 25. e4 Ra4 26. Kb2 a5 27. Be3 f5 28. exf5 gxf5 29. Bb6 Ke6 30. Rc7 Rb4+ 31. Ka3 Rb1 32. Ka2 Re1 33. Kb2 a4 34. Rc2 Rh1 35. g3 b4 36. Bc5 b3 37. Rd2 Bb5 38. Bb4 Bc4 39. Bc5 Bd5 40. f4 Be4 41. Bd4 Bc2 42. Be5 Rd1 43. Rxd1 Bxd1 44. Ka3 Kd5 45. Bb2 Ke4 46. Kxa4 Kf3 47. Kb4 h5 48. Kc3 Kg2 49. Kd2 Kxh2 50. Kxd1 Kxg3 51. Ke2 Kg2 0-1

[Event "HUN-ch U18"]
[Site "Budapest"]
[Date "2010.06.27"]
[Round "2"]
[White "Bartos, Tamas"]
[Black "Hegyesi, Zoltan"]
[Result "1/2-1/2"]
[WhiteElo "2158"]
[BlackElo "2107"]
[PlyCount "33"]
[EventDate "2010.06.26"]
[EventType "swiss"]
[EventRounds "9"]
[EventCountry "HUN"]
[SourceTitle "CBM 137 Extra"]
[Source "ChessBase"]
[SourceDate "2010.09.01"]
[SourceVersion "1"]
[SourceVersionDate "2010.09.01"]
[SourceQuality "1"]

1. d4 f5 2. c4 Nf6 3. g3 d6 4. Bg2 g6 5. Nc3 Bg7 6. Nf3 0-0 7. 0-0 Qe8 8. d5 Na6 9. Nd4 Bd7 10. a4 c6 11. b3 Nc5 12. Bb2 Rc8 13. Rc1 g5 14. b4 Nce4 15. Nxe4 fxe4 16. Qd2 Qg6 17. dxc6 1/2-1/2